000
00211nam a22000857a 4500
001
1235337
005
20250930124647.0
245
_a
35 KİLO TEMBEL TENEKE
_c
ANNA GAVALDA
260
_b
GÜNIŞIĞI KİTAPLIĞI YAYINLARI
999
_c
1235337
_d
1235337